000 00705nam a2200289Ia 4500
005 20260324131701.0
008 008 260324s9999 xx 000 0 eng d
020 _a9781315635194
037 _aEBOOK
040 _aCRL
040 _beng
040 _cCRL
041 _2eng
041 _aeng
084 _qCRL
100 _aAlbert J. Bergesen
_91186430
245 0 _aDepth of Shallow Culture
245 4 _bThe High Art of Shoes, Movies, Novels, Monsters, and Toys
260 _bTaylor and Francis
260 _c2006
365 _a
365 _b340
856 _uhttp://www.taylorfrancis.com/books/9781315635194
942 _cEBOOK
999 _c1783830
_d1783830